[Event "AUTO-ADV-4851"]
[Site "http://www.queenalice.com/game.php?id=1853653"]
[Date "2025.3.10"]
[Round "1"]
[White "Quique68"]
[Black "kuntakinte"]
[Result "1-0"]
[WhiteElo "1962"]
[BlackElo "1827"]

1. d4 d5 2. c4 c6 3. Nc3 e6 4. Bf4 dxc4 5. e3 Bb4 6. Bxc4 Ne7 7. Rc1 O-O 8. Nf3
f6 9. Qb3 Bxc3+ 10. Rxc3 Nd5 11. Rc1 b5 12. Bd3 Qa5+ 13. Ke2 b4 14. Bxb8 Rxb8
15. Rxc6 Bd7 16. Rc5 Qd8 17. Rhc1 Nc3+ 18. bxc3 bxc3 19. Qxc3 Qe7 20. Qc2 f5 21.
Ne5 Qd6 22. Nxd7 Qxd7 23. Bc4 Kh8 24. Bb3 h6 25. Rc7 Qd6 26. f4 a5 27. Rc6 Qe7
28. Rxe6 Qh4 29. h3 Qg3 30. Qc6 Qh4 31. Qf3 Qd8 32. Qh5 a4 33. Rxh6+ gxh6 34.
Qxh6# 1-0

[Event "Challenge"]
[Site "http://www.queenalice.com/game.php?id=1854046"]
[Date "2025.3.16"]
[Round "-"]
[White "Quique68"]
[Black "dejami"]
[Result "1-0"]
[WhiteElo "1973"]
[BlackElo "1705"]

1. d4 e6 2. c4 Qf6 3. Nf3 h6 4. Nc3 c6 5. e3 Na6 6. Bd3 c5 7. a3 Ne7 8. Ne4 Qxf3
9. Nd6+ Kd8 10. Qxf3 f5 11. Nf7+ Ke8 12. Nxh8 g5 13. Qh5+ Kd8 14. Ng6 Ke8 15.
Nxf8+ Kxf8 16. Qxh6+ Ke8 17. Qxg5 Kd8 18. h4 Nb8 19. h5 Nc6 20. h6 Kc7 21. h7 f4
22. Qxf4+ Kb6 23. h8=Q 1-0

[Event "AUTO-ADV-4869"]
[Site "http://www.queenalice.com/game.php?id=1858152"]
[Date "2025.6.2"]
[Round "1"]
[White "chessman"]
[Black "Quique68"]
[Result "0-1"]
[WhiteElo "2053"]
[BlackElo "2007"]

1. e4 e5 2. Nf3 Nf6 3. Nxe5 d6 4. Nf3 Nxe4 5. d4 d5 6. Bd3 Nf6 7. O-O Be7 8. Re1
O-O 9. c3 Bg4 10. h3 Bh5 11. Nbd2 c6 12. Nf1 Bd6 13. Bg5 Nbd7 14. a3 Qc7 15. Ne3
h6 16. Bxf6 Nxf6 17. Nf5 Rae8 18. Nxd6 Qxd6 19. g4 Nxg4 20. hxg4 Bxg4 21. Rxe8
Rxe8 22. Be2 Qg6 23. Kf1 Bh3+ 24. Ke1 Qg2 25. Qd3 Qf1+ 26. Kd2 Qxa1 27. Qc2 Bg4
0-1

[Event "AUTO-ADV-4869"]
[Site "http://www.queenalice.com/game.php?id=1858153"]
[Date "2025.6.2"]
[Round "1"]
[White "Quique68"]
[Black "chessman"]
[Result "1-0"]
[WhiteElo "1993"]
[BlackElo "1942"]

1. d4 d5 2. c4 c6 3. Nc3 Nf6 4. Bf4 e6 5. e3 Be7 6. Nf3 O-O 7. Bd3 Re8 8. h3 a6
9. O-O h6 10. Rc1 Nbd7 11. Re1 Nf8 12. c5 b6 13. Na4 bxc5 14. Nxc5 Rb8 15. Bxb8
1-0

[Event "AUTO-ADV-4869"]
[Site "http://www.queenalice.com/game.php?id=1858164"]
[Date "2025.6.2"]
[Round "1"]
[White "ThiagoBrumN"]
[Black "Quique68"]
[Result "0-1"]
[WhiteElo "1713"]
[BlackElo "2039"]

1. e4 g6 2. d4 Bg7 3. Nf3 d6 4. Bc4 e6 5. O-O Ne7 6. Bg5 h6 7. Be3 O-O 8. Nc3
Nd7 9. Qd2 Kh7 10. Rad1 a6 11. Bd3 b6 12. a3 Bb7 13. Kh1 Nf6 14. Nh4 Nc6 15. f4
Nxe4 16. Nxe4 Qxh4 17. Bf2 Qe7 18. Qe3 Bxd4 19. Qg3 Bxb2 20. Qh3 Bxa3 21. Be3 f5
0-1

[Event "AUTO-ADV-4869"]
[Site "http://www.queenalice.com/game.php?id=1858165"]
[Date "2025.6.2"]
[Round "1"]
[White "Quique68"]
[Black "ThiagoBrumN"]
[Result "1-0"]
[WhiteElo "2042"]
[BlackElo "1710"]

1. d4 d5 2. c4 c5 3. e3 Nf6 4. Nc3 Bf5 5. Qb3 Qc7 6. cxd5 cxd4 7. Qa4+ Nbd7 8.
Qxd4 O-O-O 9. Qxa7 Nb8 10. Nf3 h6 11. Bd2 Ne4 12. Nxe4 Bxe4 13. Rc1 Bc2 14. Ba5
Qd6 15. Rxc2+ Nc6 16. Bxd8 Kxd8 17. Qb6+ Ke8 18. dxc6 e5 19. cxb7 Qxb6 20. Rc8+
Kd7 21. Nxe5+ 1-0

[Event "AUTO-INT-3914"]
[Site "http://www.queenalice.com/game.php?id=1859024"]
[Date "2025.6.22"]
[Round "2"]
[White "StepPhil"]
[Black "Quique68"]
[Result "0-1"]
[WhiteElo "1514"]
[BlackElo "2033"]

1. e4 e5 2. Bc4 Bc5 3. Qf3 Nf6 4. d3 d6 5. h3 Be6 6. Bxe6 fxe6 7. Bg5 Rf8 8. Qe2
Nc6 9. c3 h6 10. Bh4 Qd7 11. Nf3 g5 0-1

[Event "AUTO-INT-3914"]
[Site "http://www.queenalice.com/game.php?id=1859028"]
[Date "2025.6.22"]
[Round "2"]
[White "Quique68"]
[Black "SamuraiJOM"]
[Result "1-0"]
[WhiteElo "2090"]
[BlackElo "1765"]

1. d4 d5 2. c4 e6 3. Nc3 Nf6 4. Bg5 h6 5. Bh4 dxc4 6. e3 Bb4 7. Bxf6 Qxf6 8.
Bxc4 Bd7 9. Nf3 Bc6 10. Be2 Nd7 11. O-O O-O 12. Rc1 Bd6 13. Nb5 a6 14. Nxd6 cxd6
15. Re1 a5 16. Rf1 Be4 17. Ne1 Qg6 18. Rc7 Bc6 19. Bf3 Nf6 20. Bxc6 bxc6 21.
Rxc6 d5 22. Nd3 Ne4 23. Qe2 Ng5 24. Ne5 Qh7 25. Ng4 f6 26. f4 Ne4 27. Rxe6 h5
28. Nf2 f5 29. Nxe4 fxe4 30. Rc1 Qf5 31. Re5 Qg4 32. Qxg4 hxg4 33. Rxd5 a4 34.
Rcc5 Kh7 35. Rh5+ Kg8 36. Rhe5 Rfe8 37. Rxe8+ Rxe8 38. Kf2 Kh7 39. Kg3 g6 40.
Kxg4 Kh6 41. Rc2 Ra8 42. d5 Rd8 43. Rd2 Rd6 44. f5 Kg7 45. fxg6 Rxg6+ 46. Kf5
Kf7 47. Kxe4 Ke7 48. d6+ Kd7 49. Kf5 Rxd6 50. Rxd6+ Kxd6 51. h4 Ke7 52. h5 Kf7
53. h6 Kg8 54. Kg6 Kh8 55. b4 axb3 56. axb3 1-0

[Event "AUTO-INT-3914"]
[Site "http://www.queenalice.com/game.php?id=1859029"]
[Date "2025.6.22"]
[Round "2"]
[White "SamuraiJOM"]
[Black "Quique68"]
[Result "0-1"]
[WhiteElo "1774"]
[BlackElo "2061"]

1. e4 e5 2. Nf3 Nf6 3. Nc3 Nc6 4. Bd3 a6 5. O-O Bc5 6. h3 d6 7. Ne2 Nh5 8. Kh2
Be6 9. Ng3 Nf4 10. Nh5 Nxh5 11. Ng5 Qxg5 12. Qf3 Qf4+ 13. Qxf4 Nxf4 14. a3 Nxd3
15. cxd3 Nd4 16. b4 Ba7 17. Bb2 O-O 18. f3 f5 19. exf5 Bxf5 20. Bxd4 Bxd4 21.
Rac1 Bxd3 22. Rfe1 e4 23. fxe4 Be5+ 24. Kg1 Bg3 25. Rxc7 Bxe1 26. Kh2 Bxd2 27.
Rxb7 Bxe4 28. Re7 d5 29. Re5 Bf4+ 0-1

[Event "AUTO-ADV-4849"]
[Site "http://www.queenalice.com/game.php?id=1860922"]
[Date "2025.8.1"]
[Round "2"]
[White "silverado"]
[Black "Quique68"]
[Result "0-1"]
[WhiteElo "1973"]
[BlackElo "2093"]

1. d4 d5 2. c4 e6 3. c5 Nc6 4. e3 Nf6 5. f3 b6 6. b4 a5 7. Qa4 Bd7 8. b5 Na7 9.
c6 Bc8 10. Ba3 Be7 11. Bxe7 Qxe7 12. a3 O-O 13. Bd3 e5 14. Ne2 e4 15. fxe4 dxe4
16. Bc4 Be6 17. Nbc3 Bxc4 18. Qxc4 Rad8 19. a4 Ng4 20. Kd2 Qg5 21. Nf4 Nf6 22.
g3 Nc8 23. Raf1 Nd6 24. Qb3 Nc8 25. d5 Ne7 26. Qc4 Nexd5 27. Ncxd5 Nxd5 28. Nxd5
Qxd5+ 29. Qxd5 Rxd5+ 30. Ke2 Rfd8 31. Ra1 Rd2+ 32. Ke1 Rc2 33. Rd1 Rxd1+ 34.
Kxd1 Ra2 35. Re1 Rxa4 36. Kc2 Rb4 37. Rb1 Rxb1 38. Kxb1 f5 39. h3 Kf7 40. Kb2
Ke6 41. Kc3 Kd5 42. g4 g6 43. Kb3 Kc5 44. Ka4 Kc4 45. gxf5 gxf5 46. h4 Kd3 0-1

[Event "AUTO-ADV-4849"]
[Site "http://www.queenalice.com/game.php?id=1860923"]
[Date "2025.8.1"]
[Round "2"]
[White "Quique68"]
[Black "silverado"]
[Result "1-0"]
[WhiteElo "2076"]
[BlackElo "2030"]

1. d4 d5 2. c4 dxc4 3. e3 b5 4. Nc3 c6 5. a4 Qa5 6. Bd2 b4 7. Ne4 Ba6 8. Rc1 f5
9. Nc5 e5 10. Nxa6 Nxa6 11. Bxc4 Rc8 12. Nf3 exd4 13. Nxd4 Nc5 14. Nxf5 Nxa4 15.
Qh5+ Kd7 16. Qf7+ Ne7 17. Nxe7 Bxe7 18. Be6+ Kd6 19. Bxc8 Rxc8 20. Qxg7 c5 21.
O-O Nxb2 22. Qxb2 Qa6 23. e4 Kd7 24. Rfd1 Ke6 25. Qb3+ Kf6 26. Qf3+ Kg6 27. Bxb4
cxb4 28. Qf5+ Kg7 29. Qxc8 1-0

[Event "AUTO-ADV-4849"]
[Site "http://www.queenalice.com/game.php?id=1860926"]
[Date "2025.8.1"]
[Round "2"]
[White "Quique68"]
[Black "JailtonMaster"]
[Result "1-0"]
[WhiteElo "2035"]
[BlackElo "2013"]

1. d4 d5 2. c4 e6 3. Nc3 Bb4 4. Nf3 Bxc3+ 5. bxc3 Ne7 6. cxd5 Nxd5 7. c4 Nf6 8.
Bg5 h6 9. Bxf6 Qxf6 10. e3 O-O 11. Bd3 c5 12. O-O Nc6 13. a3 cxd4 14. Nxd4 Nxd4
15. exd4 Kh8 16. Be4 Rd8 17. d5 b6 18. Qf3 Qxf3 19. Bxf3 Bb7 20. Rfd1 Rac8 21.
Bg4 Rxc4 22. dxe6 Rxd1+ 23. Rxd1 Rxg4 24. exf7 Bxg2 25. f8=Q+ Kh7 26. Qf5+ Rg6
27. Qxg6+ 1-0

[Event "AUTO-ADV-4849"]
[Site "http://www.queenalice.com/game.php?id=1860927"]
[Date "2025.8.1"]
[Round "2"]
[White "JailtonMaster"]
[Black "Quique68"]
[Result "0-1"]
[WhiteElo "1995"]
[BlackElo "2059"]

1. e4 e5 2. Nf3 Nf6 3. Nc3 Nc6 4. d3 h6 5. Be2 Bb4 6. Bd2 d6 7. O-O Be6 8. a3
Bc5 9. Na4 Bb6 10. Nxb6 axb6 11. Re1 O-O 12. c3 Ne7 13. d4 Nxe4 14. dxe5 Nxd2
15. Qxd2 dxe5 16. Qxd8 Rfxd8 17. Nxe5 Rd2 18. b4 Rc2 19. c4 f6 20. Nf3 Kf7 21.
Rac1 Rxc1 22. Rxc1 Rxa3 23. Nd4 Bd7 24. Bf3 Nc6 25. Nb5 Rb3 26. Nxc7 Rxb4 27.
Bd5+ Kg6 28. Ne6 Bxe6 29. Bxe6 Nd4 30. Bg4 f5 31. Bd1 b5 32. cxb5 Rxb5 33. g3
Rb4 34. Kg2 b5 35. h4 h5 36. Rc7 Rb1 37. Bf3 Nxf3 38. Kxf3 Rb2 39. Rc6+ Kh7 40.
Rc5 g6 41. Kf4 Rxf2+ 42. Kg5 Rf3 43. Rc7+ Kg8 44. Kxg6 Rxg3+ 45. Kxf5 b4 46.
Rc8+ Kh7 47. Rc7+ Rg7 48. Rc4 Rb7 49. Kg5 Rb5+ 50. Kf4 b3 51. Rc1 b2 52. Rb1 Kg6
53. Rg1+ Kf6 54. Rb1 Rb4+ 55. Kg3 Ke5 56. Kf3 Rb3+ 0-1

[Event "AUTO-ADV-4869"]
[Site "http://www.queenalice.com/game.php?id=1861860"]
[Date "2025.8.21"]
[Round "2"]
[White "altair"]
[Black "Quique68"]
[Result "0-1"]
[WhiteElo "1784"]
[BlackElo "2072"]

1. e4 e5 2. Nf3 Nf6 3. d3 Nc6 4. a3 h6 5. h3 Bc5 6. Be2 d6 7. a4 O-O 8. c3 a6 9.
b3 Be6 10. O-O Ba7 11. Bb2 Qd7 12. d4 exd4 13. cxd4 d5 14. e5 Nh7 15. Qd3 Bf5
16. Qd2 f6 17. Bd3 Rae8 18. Bxf5 Qxf5 19. Nc3 Ne7 20. Ba3 c6 21. Rfe1 Rf7 22. e6
Rff8 23. b4 b5 24. axb5 cxb5 25. Bb2 Nc6 26. Nh4 Qh5 27. Qf4 Nxd4 28. Nf3 Nc2
29. Nxd5 Nxa1 30. Nc7 Re7 31. Nxa6 Nc2 32. Rc1 Rxe6 33. Rxc2 Rxa6 34. Nd4 Qd1+
35. Kh2 Bb8 36. Rc7 Ra7 37. Nxb5 Bxc7 38. Nxa7 Bxf4+ 0-1

[Event "AUTO-ADV-4869"]
[Site "http://www.queenalice.com/game.php?id=1861861"]
[Date "2025.8.21"]
[Round "2"]
[White "Quique68"]
[Black "altair"]
[Result "1-0"]
[WhiteElo "2054"]
[BlackElo "1785"]

1. d4 d5 2. c4 c6 3. Nc3 Nf6 4. Bf4 h6 5. e3 e6 6. Nf3 h5 7. Rc1 Nh7 8. h3 g6 9.
Bd3 Bd7 10. Qc2 a6 11. Ne5 Bg7 12. Bxg6 Nf6 13. Nxf7 Qe7 14. Nxh8+ Kd8 15. Nf7+
Kc8 16. Nd6+ Kd8 17. Nxb7+ Kc8 18. Bd6 Qxd6 19. Nxd6+ 1-0